Sekuritizace jako nástroj efektivního financování ekonomických subjektů v tržních podmínkách ČR = Securitization as an effective financial tool for economic entities in market conditions in the CR : teze disertační práce

Saved in:
Bibliographic Details
Main Author Kameníková, Blanka, 1970- (Dissertant)
Corporate Author Univerzita Tomáše Bati ve Zlíně. Fakulta managementu a ekonomiky
Other Authors Kráľ, Miloš, 1952-
Format Book
LanguageCzech
Published Zlín : Univerzita Tomáše Bati ve Zlíně, 2012
SeriesDoctoral thesis summary
Subjects
ISBN9788074541698
Physical Description40 s. : il. ; 21 cm

Cover

LEADER 00000cam a2200000 a 4500
001 65642
003 CZ-ZlUTB
005 20240829151210.0
007 ta
008 120807s2012 xr a e 000 0 cze
015 |a cnb002390009 
020 |a 9788074541698  |q (brož.) 
040 |a OLA001  |b cze  |d ABA001  |d ZLD002 
041 0 |a cze  |b eng 
043 |a e-xr--- 
072 7 |a 336.7  |x Finance  |2 Konspekt  |9 4 
080 |a 336.7:005.342  |2 MRF 
080 |a 336.777  |2 MRF 
080 |a 336.7:330.131.7  |2 MRF 
080 |a 338  |2 MRF 
080 |a 336.763  |2 MRF 
080 |a 338.124.4  |2 MRF 
080 |a (437.3)  |2 MRF 
080 |a (048.3)  |2 MRF 
080 |a (043.3)378.245  |2 MRF 
100 1 |a Kameníková, Blanka,  |d 1970-  |7 mzk2006324294  |4 dis 
245 1 0 |a Sekuritizace jako nástroj efektivního financování ekonomických subjektů v tržních podmínkách ČR =  |b Securitization as an effective financial tool for economic entities in market conditions in the CR : teze disertační práce /  |c autor Blanka Kameníková ; školitel Miloš Kráľ 
246 3 1 |a Securitization as an effective financial tool for economic entities in market conditions in the CR 
260 |a Zlín :  |b Univerzita Tomáše Bati ve Zlíně,  |c 2012 
300 |a 40 s. :  |b il. ;  |c 21 cm 
490 1 |a Doctoral thesis summary 
500 |a "Obor: 6202V010 Finance" 
500 |a 30 výt. 
502 |a Teze disertační práce (Ph.D.)--Univerzita Tomáše Bati ve Zlíně, Fakulta managementu a ekonomiky, 2011 
504 |a Obsahuje bibliografie 
546 |a Anglické resumé 
650 0 7 |a finanční inženýrství  |7 ph270772  |2 czenas 
650 0 7 |a finanční nástroje  |7 ph120240  |2 czenas 
650 0 7 |a finanční rizika  |7 ph162907  |2 czenas 
650 0 7 |a ekonomická transformace  |7 ph114426  |2 czenas 
650 0 7 |a cenné papíry  |7 ph119099  |2 czenas 
650 0 7 |a hospodářská krize  |7 ph120819  |2 czenas 
650 0 9 |a financial engineering  |2 eczenas 
650 0 9 |a financial instruments  |2 eczenas 
650 0 9 |a financial risks  |2 eczenas 
650 0 9 |a economic transformation  |2 eczenas 
650 0 9 |a securities  |2 eczenas 
650 0 9 |a economic crises  |2 eczenas 
655 7 |a doktorské disertace  |7 fd186751  |2 czenas 
655 7 |a teze  |7 fd133701  |2 czenas 
655 9 |a higher doctoral dissertations  |2 eczenas 
655 9 |a abstracts  |2 eczenas 
700 1 |a Kráľ, Miloš,  |d 1952-  |7 jn20000919532 
710 2 |a Univerzita Tomáše Bati ve Zlíně.  |b Fakulta managementu a ekonomiky  |7 kn20010709196 
810 2 |a Univerzita Tomáše Bati ve Zlíně.  |t Teze disertační práce 
910 |a ZLD002 
952 |0 0  |1 0  |4 0  |6 KKAMENÍKOVÁB  |7 0  |8 MANUS  |9 118725  |a UTBZL  |b UTBZL  |c 037  |d 2012-08-21  |l 0  |o K/KAMENÍKOVÁ,B.  |p 420010146020  |r 2019-08-26 00:00:00  |v 50.00  |w 2019-08-26  |x N:povinný výtisk; | 20100831  |y 01 
992 |a BK  |b SK 
998 |a 002390009 
999 |c 65642  |d 65642